| 000 | 00653cam a2200265 4500 | ||
|---|---|---|---|
| 001 | X128898 | ||
| 008 | 050225n2005 000 0 eng u | ||
| 035 | _a(Sirsi) u128898 | ||
| 245 | _aFocus: East Midlands | ||
| 260 | _c2005 | ||
| 490 |
_aEstates Gazette _v(0506) 12 February 2005, 89-115(13) |
||
| 650 | _aRETAIL | ||
| 650 | _aNOTTINGHAM | ||
| 650 | _aLEICESTER | ||
| 650 | _aTRAMS | ||
| 650 | _aBUSINESS PARKS | ||
| 650 | _aOFFICES | ||
| 650 | _aLINCOLN | ||
| 650 | _aCORBY | ||
| 650 | _aDERBYSHIRE | ||
| 650 | _aRENTS | ||
| 650 | _aNORTHAMPTON | ||
| 690 | _aPROPERTY-COMMERCIAL PROPERTY-COMMERCIAL PROPERTY MARKET | ||
| 942 | _n0 | ||
| 999 |
_c74848 _d74848 |
||